| 000 | 00766nam a2200253 4500 | ||
|---|---|---|---|
| 001 | 110975 | ||
| 003 | ES-MaACL | ||
| 005 | 20230906185221.0 | ||
| 007 | t| | ||
| 008 | 061121s1982 sp r ||||1| spa d | ||
| 020 | _a84-306-5503-4 | ||
| 080 | _a937".../-0230" | ||
| 100 | 1 |
_aOgilvie, R.M. _986573 |
|
| 245 | 1 | 0 |
_aRoma antigua y los etruscos / _cR.M. Ogilvie; versión de Ana Goldar. |
| 260 |
_aMadrid : _bTaurus, _c[1982] |
||
| 300 |
_a189 p., [4] h. de lám. ; _c21 cm. |
||
| 490 | 1 | _aHistoria del mundo antiguo | |
| 504 | _aBibliografía: p. 173-178. | ||
| 651 | 4 |
_aRoma- _xHistoria- _yHasta 510 a. C. _99317 |
|
| 700 | 1 |
_aGoldar, Ana. _957637 |
|
| 830 | 1 |
_aHistoria del mundo antiguo _9182397 |
|
| 852 |
_aES-MaACL _jL-2658 |
||
| 999 |
_c110975 _d110975 |
||